[Event "Lindores Abbey Tal Blitz 2021"]
[Site "Riga"]
[Date "2021.11.08"]
[Round "5.4"]
[White "Paravyan, David"]
[Black "Niemann, Hans Moke"]
[Result "1-0"]
[WhiteElo "2642"]
[BlackElo "2635"]
[Annotator "ChessBase"]
[PlyCount "178"]
[EventDate "2021.11.02"]
[EventType "swiss"]
[EventCountry "LAT"]
[SourceTitle "playchess.com"]
[Source "ChessBase"]
[SourceQuality "1"]

1. e4 e5 2. Nf3 Nc6 3. Nc3 Nf6 4. d4 exd4 5. Nxd4 Bc5 6. Nxc6 bxc6 7. Bd3 d6 8.
O-O h6 9. h3 O-O 10. Qf3 Bd4 11. Ne2 Be5 12. Rb1 c5 13. Bf4 Qe7 14. Rfe1 Bb7
15. Ng3 Qe6 16. b3 Nd7 17. Bb5 Bxf4 18. Qxf4 Ne5 19. Nf5 Qf6 20. Rbd1 a6 21.
Bf1 Rae8 22. Qg3 Qg5 23. h4 Qxg3 24. Nxg3 g6 25. f3 a5 26. Bb5 Ra8 27. Ne2 Ba6
28. Bxa6 Rxa6 29. Nc3 Rb8 30. Kf2 Kg7 31. Kg3 Nc6 32. Rd2 Nd4 33. Nd5 Ne6 34.
Red1 a4 35. Ne3 axb3 36. axb3 Ra2 37. Nc4 f6 38. Ne3 Kf7 39. Nd5 Rba8 40. c3
R2a3 41. b4 R8a7 42. Rb2 Rb7 43. b5 h5 44. Rdb1 g5 45. Kh2 Nf4 46. Nxf4 gxf4
47. Rc1 Ke6 48. c4 Rd3 49. Ra2 Ke5 50. Ra8 Kd4 51. Rh8 Ra7 52. Rxh5 Ke3 53. Rd5
Rd4 54. h5 Ra8 55. Kh3 Rg8 56. Rc2 Kd3 57. Ra2 Kxc4 58. Ra7 Rxd5 59. exd5 Kxb5
60. Rxc7 c4 61. h6 Rg6 62. h7 Rh6+ 63. Kg4 Kb4 64. Kxf4 c3 65. Ke3 Rh1 66. Kd3
Rd1+ 67. Kc2 Rh1 68. Rxc3 Rxh7 69. Rc6 Rh2 70. Kd3 Rxg2 71. Ke4 Re2+ 72. Kf4
Rd2 73. Rxd6 Kc5 74. Rxf6 Kxd5 75. Kf5 Rh2 76. Rf8 Rh5+ 77. Kg6 Rh2 78. f4 Ke6
79. Re8+ Kd7 80. Re4 Rg2+ 81. Kf6 Rh2 82. f5 Kd6 83. Kf7 Rh7+ 84. Kg6 Rh1 85.
f6 Rg1+ 86. Kf7 Rg2 87. Kf8 Kd7 88. f7 Rg1 89. Rd4+ Kc7 1-0

[Event "Lindores Abbey Tal Blitz 2021"]
[Site "Riga"]
[Date "2021.11.08"]
[Round "5.5"]
[White "Caruana, Fabiano"]
[Black "Shevchenko, Kirill"]
[Result "1-0"]
[WhiteElo "2791"]
[BlackElo "2647"]
[Annotator "TA"]
[PlyCount "123"]
[EventDate "2021.11.02"]
[EventType "swiss"]
[EventCountry "LAT"]
[SourceTitle "playchess.com"]
[Source "ChessBase"]
[SourceQuality "1"]

1. d4 Nf6 2. Nf3 g6 3. Nbd2 Bg7 4. e4 d6 5. Bd3 O-O 6. O-O c5 7. c3 cxd4 8.
cxd4 e5 9. d5 a5 10. Nb1 Na6 11. Nc3 Nc5 12. Be3 Nxd3 13. Qxd3 Ng4 14. Rac1 Bd7
15. a4 f5 16. Bg5 Qb6 17. Nd2 Rac8 18. Nc4 Qa6 19. b3 Nf6 20. f3 fxe4 21. fxe4
Ng4 22. Be3 Rxf1+ 23. Rxf1 Nxe3 24. Qxe3 Rf8 25. Rxf8+ Bxf8 26. Qb6 Qa8 27. h3
Qb8 28. Nb5 Bh6 29. Qxd6 Qe8 30. Qxe5 Qf8 31. Qd6 Qf7 32. Nd4 Bf4 33. e5 Bg3
34. Qf6 Qxd5 35. Qd8+ Kg7 36. Qf6+ Kg8 37. Qd8+ Kg7 38. Qe7+ Kg8 39. Qd8+ Kg7
40. Qf6+ Kg8 41. e6 Be8 42. e7 Bf7 43. Ne3 Qe5 44. Qxe5 Bxe5 45. Nb5 Bf6 46.
Nc4 Bxc4 47. bxc4 Bxe7 48. Kf2 Kf7 49. Kf3 Ke6 50. Ke4 Bc5 51. Nc3 h5 52. g4
hxg4 53. hxg4 Kf6 54. Kd5 Bb4 55. Ne4+ Ke7 56. c5 Be1 57. Nd6 Kf6 58. Nxb7 Bg3
59. Nd6 Ke7 60. Nb5 Kd7 61. c6+ Kc8 62. Ke6 1-0

[Event "Lindores Abbey Tal Blitz 2021"]
[Site "Riga"]
[Date "2021.11.08"]
[Round "5.7"]
[White "Deac, Bogdan-Daniel"]
[Black "Navara, David"]
[Result "1/2-1/2"]
[WhiteElo "2651"]
[BlackElo "2699"]
[Annotator "TA"]
[PlyCount "93"]
[EventDate "2021.11.02"]
[EventType "swiss"]
[EventCountry "LAT"]
[SourceTitle "playchess.com"]
[Source "ChessBase"]
[SourceQuality "1"]

1. d4 Nf6 2. c4 e6 3. Nf3 d5 4. g3 Be7 5. Bg2 O-O 6. O-O dxc4 7. Qc2 a6 8. a4
Bd7 9. Qxc4 Bc6 10. Be3 Bd5 11. Qc2 a5 12. Nc3 Na6 13. Nxd5 exd5 14. Qb3 Nb4
15. Ne5 c6 16. Bd2 Re8 17. e4 Bd6 18. exd5 Nfxd5 19. Rfe1 Qc7 20. Nc4 Bf8 21.
Ne3 Qd7 22. Nxd5 Nxd5 23. Rxe8 Rxe8 24. Bxa5 h5 25. Re1 Ra8 26. Bc3 h4 27. Qc2
h3 28. Bf3 Nxc3 29. bxc3 c5 30. Qb3 cxd4 31. cxd4 Rxa4 32. Qxb7 Qxd4 33. Qd5
Qc3 34. Rf1 Ra5 35. Qc6 Rc5 36. Qb7 Rf5 37. Bg4 Rf6 38. Bxh3 Bc5 39. Qa8+ Kh7
40. Qe4+ g6 41. Qe2 Kg7 42. Bg2 Qd4 43. h4 Rb6 44. Qf3 Rb2 45. Kh2 Rxf2 46.
Rxf2 Qxf2 47. Qxf2 1/2-1/2

[Event "Lindores Abbey Tal Blitz 2021"]
[Site "Riga"]
[Date "2021.11.08"]
[Round "5.8"]
[White "Adhiban, B.."]
[Black "Svidler, Peter"]
[Result "1/2-1/2"]
[WhiteElo "2672"]
[BlackElo "2694"]
[Annotator "ChessBase"]
[PlyCount "83"]
[EventDate "2021.11.02"]
[EventType "swiss"]
[EventCountry "LAT"]
[SourceTitle "playchess.com"]
[Source "ChessBase"]
[SourceQuality "1"]

1. e4 c5 2. Nf3 e6 3. d4 cxd4 4. Nxd4 Nc6 5. Nc3 a6 6. Bc4 Qc7 7. Nxc6 bxc6 8.
Qe2 Bd6 9. Bd2 Ne7 10. h4 Be5 11. h5 d5 12. Bd3 O-O 13. O-O f5 14. exf5 Nxf5
15. Rae1 Bd4 16. Kh1 e5 17. h6 e4 18. Nxe4 dxe4 19. Qxe4 Bd7 20. Qg4 c5 21. c3
Bxf2 22. Bc4+ Kh8 23. Bf4 Qxf4 24. Qxf4 Ng3+ 25. Qxg3 Bxg3 26. hxg7+ Kxg7 27.
Re7+ Kh6 28. Rxd7 Rxf1+ 29. Bxf1 Re8 30. Rd3 Bf4 31. g3 Bc1 32. Rd6+ Kg5 33.
Rd5+ Kg4 34. Kg2 Re3 35. Rd3 Rxd3 36. Bxd3 Bxb2 37. Be2+ Kg5 38. Bxa6 Bxc3 39.
a4 Ba5 40. Kf3 Bc7 41. Bd3 h5 42. Ke4 1/2-1/2

[Event "Lindores Abbey Tal Blitz 2021"]
[Site "Riga"]
[Date "2021.11.08"]
[Round "5.10"]
[White "Adly, Ahmed"]
[Black "Anton Guijarro, David"]
[Result "0-1"]
[WhiteElo "2602"]
[BlackElo "2669"]
[Annotator "ChessBase"]
[PlyCount "126"]
[EventDate "2021.11.02"]
[EventType "swiss"]
[EventCountry "LAT"]
[SourceTitle "playchess.com"]
[Source "ChessBase"]
[SourceQuality "1"]

1. d4 Nf6 2. Nf3 d5 3. g3 b5 4. Bg2 e6 5. a4 c6 6. O-O Be7 7. axb5 cxb5 8. Qd3
Qb6 9. Nc3 Ba6 10. Ne5 O-O 11. Qd1 Nc6 12. Nxc6 Qxc6 13. e4 Bb7 14. exd5 Nxd5
15. Nxd5 exd5 16. Re1 Bf6 17. Bf4 a5 18. Qd2 a4 19. Be5 Rfe8 20. Bxf6 Qxf6 21.
Qb4 Qc6 22. c3 h5 23. Bf1 Ba6 24. h4 g6 25. Rad1 Rad8 26. Qc5 Qxc5 27. Rxe8+
Qf8 28. Rxf8+ Kxf8 29. Re1 Re8 30. Rxe8+ Kxe8 31. Bg2 Bb7 32. Kf1 Ke7 33. Ke2
Kd6 34. Ke3 Bc6 35. Kf4 f6 36. Bf1 Ke6 37. Bd3 Be8 38. Ke3 f5 39. Kd2 Kd6 40.
Kd1 Bd7 41. Kc1 Kc6 42. Kd2 Kb6 43. Bb1 Ka5 44. Ba2 Bc6 45. b3 axb3 46. Bxb3
Bb7 47. Kc2 Bc6 48. Kb2 Bb7 49. Kc2 Bc6 50. Kd2 Bb7 51. Ke3 b4 52. Kd2 Bc6 53.
Kc2 Ba4 54. Kb2 Bxb3 55. Kxb3 bxc3 56. Kxc3 Ka4 57. Kd3 Kb3 58. Ke3 Kc3 59. Kf4
Kxd4 60. Kg5 Ke5 61. Kxg6 d4 62. Kxh5 d3 63. Kg6 d2 0-1

[Event "Lindores Abbey Tal Blitz 2021"]
[Site "Riga"]
[Date "2021.11.08"]
[Round "5.11"]
[White "Oparin, Grigoriy"]
[Black "Sevian, Samuel"]
[Result "0-1"]
[WhiteElo "2659"]
[BlackElo "2668"]
[Annotator "ChessBase"]
[PlyCount "70"]
[EventDate "2021.11.02"]
[EventType "swiss"]
[EventCountry "LAT"]
[SourceTitle "playchess.com"]
[Source "ChessBase"]
[SourceQuality "1"]

1. d4 g6 2. e4 c6 3. Nf3 d5 4. Nc3 Bg7 5. h3 Nf6 6. e5 Ne4 7. Bd3 Nxc3 8. bxc3
c5 9. O-O Nc6 10. a4 O-O 11. Ba3 c4 12. Be2 Re8 13. Qd2 f6 14. exf6 exf6 15.
Rfe1 Be6 16. Nh2 Qd7 17. Ng4 h5 18. Ne3 Bh6 19. Bf3 Bf7 20. Re2 Nd8 21. Rae1
Ne6 22. Nxd5 Bxd2 23. Nxf6+ Kg7 24. Nxd7 Bxe1 25. Rxe1 Nxd4 26. Be7 Nxf3+ 27.
gxf3 Bd5 28. Re3 Bc6 29. Nc5 Kf7 30. Bg5 Rxe3 31. Bxe3 b6 32. Ne4 Bxa4 33. Nd6+
Ke6 34. Nxc4 Bxc2 35. Na3 Bd3 0-1

[Event "Lindores Abbey Tal Blitz 2021"]
[Site "Riga"]
[Date "2021.11.08"]
[Round "5.12"]
[White "Onyshchuk, Volodymyr"]
[Black "Matlakov, Maxim"]
[Result "0-1"]
[WhiteElo "2622"]
[BlackElo "2691"]
[Annotator "ChessBase"]
[PlyCount "93"]
[EventDate "2021.11.02"]
[EventType "swiss"]
[EventCountry "LAT"]
[SourceTitle "playchess.com"]
[Source "ChessBase"]
[SourceQuality "1"]

1. e4 c5 2. Nf3 d6 3. d4 cxd4 4. Nxd4 Nf6 5. Nc3 a6 6. a4 e5 7. Nf3 Be7 8. Bc4
Be6 9. Qe2 O-O 10. O-O Qc7 11. Bb3 Nbd7 12. Bxe6 fxe6 13. Ng5 Nc5 14. b4 h6 15.
bxc5 hxg5 16. cxd6 Bxd6 17. Nd1 Rac8 18. Ne3 Bc5 19. Ba3 Nxe4 20. Qg4 Bxa3 21.
Qxe4 Bc5 22. g3 Bxe3 23. Qxe3 Qxc2 24. Qxe5 Qf5 25. Qe3 Rc2 26. Rab1 Rf7 27.
Rb6 Rc6 28. Rxc6 bxc6 29. Qb6 Qd5 30. Qxa6 c5 31. Qe2 c4 32. Rc1 Rc7 33. a5 c3
34. a6 Kf7 35. Qe3 Qd2 36. Qxd2 cxd2 37. Rxc7+ Ke8 38. a7 d1=Q+ 39. Kg2 Qd8 40.
Rxg7 Kf8 41. Rh7 Kg8 42. Rd7 Qa8+ 43. Kh3 Kf8 44. Rh7 Kg8 45. Rc7 e5 46. Kg4
Qd8 47. Kh5 0-1

[Event "Lindores Abbey Tal Blitz 2021"]
[Site "Riga"]
[Date "2021.11.08"]
[Round "5.14"]
[White "Predke, Alexandr"]
[Black "Ponkratov, Pavel"]
[Result "1/2-1/2"]
[WhiteElo "2668"]
[BlackElo "2662"]
[Annotator "ChessBase"]
[PlyCount "67"]
[EventDate "2021.11.02"]
[EventType "swiss"]
[EventCountry "LAT"]
[SourceTitle "playchess.com"]
[Source "ChessBase"]
[SourceQuality "1"]

1. d4 Nf6 2. c4 e5 3. dxe5 Ng4 4. Nf3 Bc5 5. e3 Nc6 6. Nc3 O-O 7. Be2 Re8 8.
O-O Ngxe5 9. Nxe5 Nxe5 10. b3 a5 11. Ne4 Bf8 12. c5 Qh4 13. Qc2 d5 14. cxd6 Bf5
15. f3 Bxd6 16. g3 Bxe4 17. Qxe4 Qxe4 18. fxe4 f6 19. Bb2 Kf8 20. Rad1 Ke7 21.
Rd5 Red8 22. Rfd1 c6 23. R5d2 Bc7 24. Rxd8 Bxd8 25. Ba3+ Kf7 26. Bd6 Be7 27.
Bxe5 fxe5 28. Rd7 Rb8 29. Bc4+ Kf6 30. Rc7 h5 31. a4 Bd6 32. Rf7+ Kg6 33. Rf5
Rf8 34. Rxf8 1/2-1/2

[Event "Lindores Abbey Tal Blitz 2021"]
[Site "Riga"]
[Date "2021.11.08"]
[Round "5.15"]
[White "Vokhidov, Shamsiddin"]
[Black "Vachier-Lagrave, Maxime"]
[Result "1-0"]
[WhiteElo "2521"]
[BlackElo "2766"]
[Annotator "TA"]
[PlyCount "197"]
[EventDate "2021.11.02"]
[EventType "swiss"]
[EventCountry "LAT"]
[SourceTitle "playchess.com"]
[Source "ChessBase"]
[SourceQuality "1"]

1. e4 c6 2. d4 d5 3. e5 Bf5 4. h4 h5 5. c4 e6 6. Nc3 Ne7 7. Nge2 Nd7 8. Bg5 Qa5
9. Ng3 Bg6 10. Bd3 dxc4 11. Bxc4 Nb6 12. Bd3 Bxd3 13. Qxd3 O-O-O 14. Rd1 Rd7
15. O-O Ned5 16. Qf3 g6 17. Nge4 Kb8 18. a3 Qa6 19. Rc1 Nc7 20. Rfd1 Nbd5 21.
Ne2 Qb6 22. Rd3 a5 23. Rb3 Qa6 24. Rc2 a4 25. Rd3 Nb5 26. Rd1 Qb6 27. Rc4 Qa6
28. Rdc1 Nbc7 29. Nf4 Nxf4 30. Qxf4 Nd5 31. Qf3 Qb5 32. Qd1 Nb6 33. R4c2 Qb3
34. Nf6 Rc7 35. Qe2 Nd5 36. Ne4 Bg7 37. Nc5 Qb5 38. Rc4 Nb6 39. R4c2 Qxe2 40.
Rxe2 Rhc8 41. Rec2 Bf8 42. Ne4 Rd7 43. Be3 Nd5 44. g3 Rdc7 45. Kf1 b6 46. Bg5
Kb7 47. Ke2 c5 48. dxc5 bxc5 49. Rc4 Nb6 50. R4c2 c4 51. Be3 Nd7 52. Nc3 Nxe5
53. Bf4 Nd3 54. Bxc7 Nxc1+ 55. Rxc1 Rxc7 56. Nxa4 Bg7 57. Nc3 Rd7 58. Ne4 Rd4
59. Rxc4 Rxc4 60. Nd6+ Kc6 61. Nxc4 Bd4 62. b3 Kc5 63. f3 Bc3 64. Kd3 Be1 65.
Nd2 f5 66. Nf1 e5 67. Ke2 Bc3 68. Ne3 Bd4 69. Nc2 Bb2 70. a4 Bc3 71. Kd3 Ba5
72. Ke2 Bc3 73. Ke3 Ba5 74. Kd3 Bc7 75. b4+ Kc6 76. Kc4 e4 77. Nd4+ Kb7 78. f4
Bb6 79. a5 Bxd4 80. Kxd4 Kc6 81. Kc4 Kb7 82. b5 Kc7 83. Kb4 Kb7 84. Kc3 Kc7 85.
Kd4 Kb7 86. b6 Kc6 87. Kc4 Kb7 88. Kb4 Kc6 89. Kc3 Kb7 90. Kb3 Kc6 91. Kb4 Kb7
92. Kc4 Kc6 93. Kd4 Kb7 94. Kc3 Kc6 95. Kc4 Kb7 96. Kb5 e3 97. a6+ Kb8 98. Kc6
e2 99. a7+ 1-0

[Event "Lindores Abbey Tal Blitz 2021"]
[Site "Riga"]
[Date "2021.11.08"]
[Round "5.16"]
[White "Sargissian, Gabriel"]
[Black "Jobava, Baadur"]
[Result "0-1"]
[WhiteElo "2664"]
[BlackElo "2582"]
[Annotator "ChessBase"]
[PlyCount "88"]
[EventDate "2021.11.02"]
[EventType "swiss"]
[EventCountry "LAT"]
[SourceTitle "playchess.com"]
[Source "ChessBase"]
[SourceQuality "1"]

1. d4 d5 2. c4 c6 3. Nf3 Nf6 4. Nc3 dxc4 5. a4 Bf5 6. e3 e6 7. Bxc4 h6 8. O-O
Be7 9. Qe2 Bh7 10. e4 O-O 11. Bf4 Re8 12. Rad1 Bf8 13. Ne5 Nbd7 14. h3 a5 15.
Rfe1 Qb6 16. Bd3 Nxe5 17. Bxe5 Nd7 18. Bg3 Rad8 19. e5 Bxd3 20. Rxd3 Qb4 21.
Bh4 Be7 22. Bxe7 Rxe7 23. Rg3 Nf8 24. Qg4 Ng6 25. Re4 Qxb2 26. h4 h5 27. Qxh5
Red7 28. Qg4 Qc1+ 29. Kh2 Qh6 30. h5 Ne7 31. Ne2 Nf5 32. Rh3 b5 33. axb5 cxb5
34. g3 a4 35. Qf3 b4 36. Rf4 a3 37. Qb3 Nxd4 38. Nxd4 Rxd4 39. Rf3 Qg5 40. h6
gxh6 41. Kg2 Qxe5 42. Rxh6 Qd5 43. Qxd5 R8xd5 44. Rhf6 Rd7 0-1

[Event "Lindores Abbey Tal Blitz 2021"]
[Site "Riga"]
[Date "2021.11.08"]
[Round "5.17"]
[White "Esipenko, Andrey"]
[Black "Korobov, Anton"]
[Result "0-1"]
[WhiteElo "2713"]
[BlackElo "2684"]
[Annotator "TA"]
[PlyCount "133"]
[EventDate "2021.11.02"]
[EventType "swiss"]
[EventCountry "LAT"]
[SourceTitle "playchess.com"]
[Source "ChessBase"]
[SourceQuality "1"]

1. e4 c5 2. Nf3 d6 3. Bb5+ Nd7 4. d4 cxd4 5. Nxd4 a6 6. Bd3 Ngf6 7. O-O Nc5 8.
Nc3 e6 9. Be3 Be7 10. Nb3 Nxd3 11. cxd3 O-O 12. a4 b6 13. a5 b5 14. Rc1 Bb7 15.
Na2 Rc8 16. Qd2 Qd7 17. f3 e5 18. d4 Qe6 19. Qd1 exd4 20. Bxd4 Rc4 21. Kh1 Rfc8
22. Rc3 b4 23. Re3 Bc6 24. Nac1 Ba4 25. Qe2 Bb5 26. Qe1 Nh5 27. f4 Rc2 28. Rf2
Bh4 29. g3 Bd8 30. Kg2 f5 31. exf5 Qd5+ 32. Kg1 Rxf2 33. Kxf2 Bf6 34. Qd2 Bc6
35. Ke2 Qg2+ 36. Kd1 Bf3+ 37. Rxf3 Qxf3+ 38. Qe2 Qxe2+ 39. Nxe2 Bxd4 40. Nexd4
Nf6 41. Kd2 Ne4+ 42. Kd3 d5 43. Nc2 Nf2+ 44. Kd2 Ne4+ 45. Kd3 Nc5+ 46. Nxc5
Rxc5 47. Nxb4 Rxa5 48. Kd4 Rb5 49. Kc3 a5 50. Nc2 a4 51. Nd4 Rb6 52. b4 axb3
53. Nxb3 Ra6 54. Kd3 Ra2 55. Nd2 h5 56. Ke3 Kf7 57. h3 Kf6 58. g4 Ra3+ 59. Kd4
Rxh3 60. Kxd5 hxg4 61. Ke4 Ra3 62. Nf1 Ra4+ 63. Ke3 Kxf5 64. Ng3+ Kf6 65. Nh5+
Kg6 66. Ng3 Ra3+ 67. Kd4 0-1

[Event "Lindores Abbey Tal Blitz 2021"]
[Site "Riga"]
[Date "2021.11.08"]
[Round "5.18"]
[White "Ponomariov, Ruslan"]
[Black "Henriquez Villagra, Cristobal"]
[Result "0-1"]
[WhiteElo "2633"]
[BlackElo "2608"]
[Annotator "ChessBase"]
[PlyCount "64"]
[EventDate "2021.11.02"]
[EventType "swiss"]
[EventCountry "LAT"]
[SourceTitle "playchess.com"]
[Source "ChessBase"]
[SourceQuality "1"]

1. e4 c6 2. d4 d5 3. e5 Bf5 4. c4 e6 5. Nc3 dxc4 6. Bxc4 Ne7 7. Be3 Nd5 8. Nf3
Be7 9. O-O O-O 10. h3 Bg6 11. Bd3 Na6 12. Bxg6 hxg6 13. Qc2 Rc8 14. Rad1 Qa5
15. Bg5 Qd8 16. Bxe7 Qxe7 17. Ne4 c5 18. Nd6 Rc6 19. Qe4 f5 20. Qe2 g5 21. g3
Nac7 22. Rc1 g4 23. hxg4 fxg4 24. Nh4 Qg5 25. dxc5 Nf4 26. Qe4 Nh3+ 27. Kg2
Rxf2+ 28. Rxf2 Qxc1 29. Qxg4 Qh1+ 30. Kxh1 Nxf2+ 31. Kg2 Nxg4 32. Nxb7 Nxe5 0-1

[Event "Lindores Abbey Tal Blitz 2021"]
[Site "Riga"]
[Date "2021.11.08"]
[Round "5.19"]
[White "Zvjaginsev, Vadim"]
[Black "Saric, Ivan"]
[Result "1/2-1/2"]
[WhiteElo "2609"]
[BlackElo "2665"]
[Annotator "ChessBase"]
[PlyCount "85"]
[EventDate "2021.11.02"]
[EventType "swiss"]
[EventCountry "LAT"]
[SourceTitle "playchess.com"]
[Source "ChessBase"]
[SourceQuality "1"]

1. c4 e5 2. Nc3 Bb4 3. Nd5 Bc5 4. e3 Nf6 5. d4 Nxd5 6. cxd5 exd4 7. exd4 Bb4+
8. Bd2 Bxd2+ 9. Qxd2 O-O 10. Bd3 d6 11. Ne2 Nd7 12. O-O Nb6 13. Nc3 Qf6 14.
Rae1 Bd7 15. Re4 Rae8 16. Rfe1 Rxe4 17. Rxe4 Re8 18. Qe3 Qd8 19. f3 g6 20. h3
f5 21. Rxe8+ Qxe8 22. Qg5 Kg7 23. Kh2 h6 24. Qd2 Qe7 25. b3 Be8 26. a4 Bf7 27.
Bc4 a6 28. a5 Nd7 29. Qe2 Qh4 30. Qd2 f4 31. Kg1 Nf6 32. Qf2 Qg5 33. Qd2 h5 34.
Ne4 Nxe4 35. fxe4 Qg3 36. Qf2 Qxf2+ 37. Kxf2 Kf6 38. g3 fxg3+ 39. Kxg3 g5 40.
h4 Bg6 41. Bd3 Bf7 42. b4 Bg8 43. Bc2 1/2-1/2

[Event "Lindores Abbey Tal Blitz 2021"]
[Site "Riga"]
[Date "2021.11.08"]
[Round "5.20"]
[White "Bartel, Mateusz"]
[Black "Hovhannisyan, Robert"]
[Result "1-0"]
[WhiteElo "2619"]
[BlackElo "2622"]
[Annotator "ChessBase"]
[PlyCount "126"]
[EventDate "2021.11.02"]
[EventType "swiss"]
[EventCountry "LAT"]
[SourceTitle "playchess.com"]
[Source "ChessBase"]
[SourceQuality "1"]

1. e4 e5 2. Nf3 Nc6 3. Bb5 Nf6 4. d3 Bc5 5. Nbd2 Nd4 6. Nxd4 Bxd4 7. Nf3 Bb6 8.
c3 O-O 9. Bg5 d6 10. Ba4 h6 11. Bh4 g5 12. Bg3 Nh5 13. Nd2 Nf4 14. Bxf4 gxf4
15. Bb3 Qg5 16. Rg1 Kh8 17. Qe2 Bg4 18. Nf3 Qh5 19. h3 Bxf3 20. Qxf3 Qxf3 21.
gxf3 a5 22. a4 Rg8 23. Ke2 Rg7 24. Rg4 h5 25. Rxg7 Kxg7 26. Rg1+ Kf6 27. h4 Rh8
28. Rg5 Rh7 29. Kf1 c6 30. Bc4 Bd8 31. d4 Bc7 32. Ke2 Ke7 33. Kd3 Kf6 34. b4
Rg7 35. Rxh5 axb4 36. dxe5+ dxe5 37. cxb4 Ke7 38. b5 cxb5 39. axb5 Rg2 40. Rh7
Rxf2 41. Rxf7+ Kd6 42. Bd5 Ba5 43. Kc4 Rc2+ 44. Kb3 Rc3+ 45. Ka4 b6 46. Rf6+
Kd7 47. Rf5 Rxf3 48. Rxe5 Bc3 49. Rf5 Bd4 50. Kb4 Rf1 51. Kc4 Bc5 52. e5 Rc1+
53. Kb3 Re1 54. Rf7+ Ke8 55. e6 Re5 56. Kc4 Re1 57. h5 f3 58. Rxf3 Ke7 59. Rf7+
Kd6 60. Rd7+ Ke5 61. h6 Rc1+ 62. Kb3 Rb1+ 63. Kc2 Rb4 1-0

[Event "Lindores Abbey Tal Blitz 2021"]
[Site "Riga"]
[Date "2021.11.08"]
[Round "5.21"]
[White "Petrosyan, Manuel"]
[Black "Dreev, Aleksey"]
[Result "0-1"]
[WhiteElo "2599"]
[BlackElo "2635"]
[Annotator "ChessBase"]
[PlyCount "100"]
[EventDate "2021.11.02"]
[EventType "swiss"]
[EventCountry "LAT"]
[SourceTitle "playchess.com"]
[Source "ChessBase"]
[SourceQuality "1"]

1. Nf3 d5 2. e3 Nf6 3. c4 c6 4. Nc3 e6 5. b3 Bd6 6. Bb2 O-O 7. d4 Ne4 8. Qc2 f5
9. g3 Bd7 10. Bg2 Be8 11. O-O Nd7 12. Ne2 Qe7 13. Nf4 g5 14. Nd3 Bg6 15. Rad1
Bh5 16. Rde1 Rad8 17. Nfe5 Nxe5 18. dxe5 Ba3 19. Bd4 dxc4 20. bxc4 c5 21. Ba1
Qd7 22. Nc1 Qd2 23. Qa4 Qb4 24. Qc2 Rd2 25. Qb3 Qxb3 26. Nxb3 Rxa2 27. g4 Be8
28. Rd1 Ba4 29. Rb1 Bxb3 30. Rxb3 Nd2 31. Rbb1 Nxb1 32. Rxb1 Bb4 33. gxf5 Rxf5
34. f3 b6 35. Bb2 Bd2 36. e4 Rf8 37. Bh3 Kf7 38. Kf1 Rd8 39. Bg4 Bf4 40. Bh5+
Ke7 41. Bc3 Rd3 42. Be1 Rda3 43. h4 Ra1 44. Rxa1 Rxa1 45. Ke2 Ra2+ 46. Kd3 Ra3+
47. Ke2 h6 48. hxg5 hxg5 49. Kd1 Ra1+ 50. Ke2 Rc1 0-1

[Event "Lindores Abbey Tal Blitz 2021"]
[Site "Riga"]
[Date "2021.11.08"]
[Round "5.22"]
[White "Movsesian, Sergei"]
[Black "Ter-Sahakyan, Samvel"]
[Result "1/2-1/2"]
[WhiteElo "2618"]
[BlackElo "2615"]
[Annotator "ChessBase"]
[PlyCount "75"]
[EventDate "2021.11.02"]
[EventType "swiss"]
[EventCountry "LAT"]
[SourceTitle "playchess.com"]
[Source "ChessBase"]
[SourceQuality "1"]

1. e4 c5 2. Nf3 d6 3. Bb5+ Nd7 4. a4 Ngf6 5. Nc3 g6 6. O-O Bg7 7. Re1 O-O 8. a5
a6 9. Bf1 Ng4 10. d4 cxd4 11. Nxd4 Nge5 12. Bg5 Nc6 13. Nb3 h6 14. Be3 Nf6 15.
h3 Be6 16. Qd2 Bxb3 17. Bb6 Qe8 18. cxb3 Rc8 19. Nd5 Nxd5 20. exd5 Ne5 21. Rac1
g5 22. b4 Qd7 23. Rxc8 Rxc8 24. Rc1 Bf6 25. b3 h5 26. b5 axb5 27. Rxc8+ Qxc8
28. Bxb5 g4 29. hxg4 Qxg4 30. Be2 Qf5 31. b4 Qb1+ 32. Kh2 Ng4+ 33. Bxg4 hxg4
34. Bd4 Qh7+ 35. Kg1 Qb1+ 36. Kh2 Qh7+ 37. Kg1 Qb1+ 38. Kh2 1/2-1/2

[Event "Lindores Abbey Tal Blitz 2021"]
[Site "Riga"]
[Date "2021.11.08"]
[Round "5.23"]
[White "Aronian, Levon"]
[Black "Ivic, Velimir"]
[Result "1-0"]
[WhiteElo "2782"]
[BlackElo "2620"]
[Annotator "TA"]
[PlyCount "83"]
[EventDate "2021.11.02"]
[EventType "swiss"]
[EventCountry "LAT"]
[SourceTitle "playchess.com"]
[Source "ChessBase"]
[SourceQuality "1"]

1. e4 c5 2. Nf3 Nc6 3. Bb5 g6 4. O-O Bg7 5. d3 e5 6. Bg5 Nge7 7. Nc3 h6 8. Bxe7
Nxe7 9. Bc4 O-O 10. Nd5 d6 11. c3 Be6 12. Qb3 Rb8 13. Nxe7+ Qxe7 14. a4 Kh7 15.
Bxe6 fxe6 16. Nd2 Rbd8 17. a5 h5 18. Qb5 h4 19. h3 d5 20. Rfe1 Rf7 21. Re2 Bh6
22. Rd1 c4 23. Nf1 a6 24. Qa4 cxd3 25. Rxd3 Bf4 26. Ne3 Qc5 27. Ng4 Kg7 28. Qb4
Qxb4 29. cxb4 Rc7 30. g3 hxg3 31. fxg3 Bg5 32. exd5 Rc1+ 33. Kg2 Rxd5 34. Rxd5
exd5 35. Rxe5 Rc2+ 36. Kf3 Bd2 37. Rxd5 Rxb2 38. Rd7+ Kf8 39. Ne5 Bxb4 40. Rxb7
g5 41. Nd3 Rb3 42. Ke4 1-0

[Event "Lindores Abbey Tal Blitz 2021"]
[Site "Riga"]
[Date "2021.11.08"]
[Round "5.24"]
[White "Fedoseev, Vladimir"]
[Black "Ganguly, Surya Shekhar"]
[Result "1-0"]
[WhiteElo "2704"]
[BlackElo "2633"]
[Annotator "TA"]
[PlyCount "105"]
[EventDate "2021.11.02"]
[EventType "swiss"]
[EventCountry "LAT"]
[SourceTitle "playchess.com"]
[Source "ChessBase"]
[SourceQuality "1"]

1. e4 e5 2. Nf3 Nc6 3. Bb5 Nf6 4. d3 Bc5 5. Bxc6 dxc6 6. Nc3 Qe7 7. h3 h6 8. a3
a5 9. Be3 a4 10. Bxc5 Qxc5 11. d4 exd4 12. Qxd4 Qxd4 13. Nxd4 Bd7 14. O-O-O Ra5
15. Rhe1 O-O 16. g4 Re8 17. f4 g5 18. f5 c5 19. Nf3 Bc6 20. Nd2 Nd7 21. Nc4 Ra7
22. e5 b5 23. e6 bxc4 24. exd7 Bxd7 25. Ne4 Rxe4 26. Rxe4 Bc6 27. Rxc4 Bg2 28.
Rg1 Bd5 29. Rxc5 c6 30. Re1 Kg7 31. Rc3 h5 32. Rce3 h4 33. Kd2 Kf6 34. Kc3 Ra5
35. Ra1 Rc5+ 36. Kd2 Rb5 37. b4 axb3 38. cxb3 Bxb3 39. a4 Rb7 40. a5 Bc4 41. a6
Ra7 42. Rea3 Ke5 43. Kc3 Bb5 44. Kb4 Kd6 45. Rd1+ Kc7 46. Kc5 Rxa6 47. Rxa6
Bxa6 48. Re1 Kd7 49. f6 Kd8 50. Kd6 Bc4 51. Re5 Bf1 52. Rxg5 Kc8 53. Rh5 1-0